000 00931nam a2200229Ii 4500
003 JO-AjNU
008 230605s9999||||xx |||||||||||||| ||und||
017 _a2017/7/3341
020 _a978-9957-33-589-2
040 _aJO-AjNU
_bara
_erda
_cJO-AjNU
041 _aara
050 1 4 _aZ678.9.A1.J24 2017
100 3 _aمكتبة الجامعة الاردنية,
_eauthor
_957341
245 0 0 _aنحو مكتبات حديثة الجودة والإعتمادية: المؤتمر الدولي الثالث في النشر الإلكتروني لمكتبة الجامعة الأردنية 25-27 تموز 2017
250 _aط1
264 3 1 _aعمان: مؤسسة الوراق للنشر والتوزيع، 2017
300 _a415ص
336 _atext
_btxt
_2rdacontent
337 _aunmediated
_bn
_2rdamedia
338 _avolume
_bnc
_2rdacarrier
650 4 _aالمكتبات- ضبط الجودة- مؤتمرات- ادارة
_957342
999 _aA25688
_c29256
_d29256